Science Quiz

Random Science or Africa Quiz

Reptiles of Africa Quiz Stats

 Plays Quiz Updated Feb 22, 2020

Support Sporcle.
Go Orange.
Score 0/20 Timer 08:00
0 Plays Today
% Correct
Nile crocodile
86.2%
leopard tortoise
83.2%
slender-snouted crocodile
82%
eastern green mamba*
81.6%
parrot-beaked tortoise
80.9%
Egyptian cobra*
79.4%
panther chameleon
79.1%
satanic leaf gecko
77.1%
Nile monitor
76%
black mamba*
74.8%
% Correct
Aldabra giant tortoise
74.6%
Malagasy leaf-nosed snake
72.3%
Cape coral snake*
67.1%
pastel ball python
66.6%
variable bush viper*
63.6%
Broadley's flat lizard
61.4%
boomslang*
59%
gold dust day gecko
58.3%
Schinz's beaked blind snake
56.6%
Gaboon viper*
53.8%

From the Vault

Pick the George Clooney Movie

by beforever

Movies 3m
Before people hated Ben Affleck's Batman, there was George Clooney.
Remove Ads.
Support Sporcle.
Get the best of Sporcle when you Go Orange. This ad-free experience offers more features, more stats, and more fun while also helping to support Sporcle. Thank you for becoming a member.

Show Comments

Extras

Top Quizzes Today


Score Distribution

Your Account Isn't Verified!

In order to create a playlist on Sporcle, you need to verify the email address you used during registration. Go to your Sporcle Settings to finish the process.

Report this User

Report this user for behavior that violates our Community Guidelines.

Details: